Putovanie Panny Márie ľudová vianočná spevohra z Liptovských Sliačov

Bibliographic Details
Corporate Author: Sliačanka (folklórny súbor) (uci)
Other Authors: Mihulcová, Božena (uci), Jacko, Marián (fot)
Format: Book
Language:Slovak
PhysicalDescription:1 kompaktná platňa (34 min. 47 sek.) stereo
Published: Bratislava Akcent 2001
Subjects:

MARC

LEADER 00000nam a2200000 a 4500
001 vtls001427471
003 SK-MaSNL
005 20260301162548.0
008 130607s2001 xo 0 slo
015 |a SNBJ2002/01-00196 
035 |a SNK000382439 
040 |a SNK  |b slo  |c SNK  |e AACR2 
044 |a xo  |c SK 
080 |a 792+784.4:785.14(086.7)  |2 1981 
080 |a 784.4:785.14  |2 1981 
080 |a 785.14  |2 1981 
080 |a 885.4-3  |2 1981 
245 1 |a Putovanie Panny Márie  |h zvukový dokument  |b ľudová vianočná spevohra z Liptovských Sliačov 
260 |a Bratislava  |b Akcent  |c 2001 
300 |a 1 kompaktná platňa (34 min. 47 sek.)  |b stereo 
500 |a Fotograf Marián Jacko 
505 0 |a Obsahuje 1 dielo 
511 |a Unelecká vedúca Božena Mihulcová 
511 |a Účinkuje folklórna skupina Sliačanka 
650 0 7 |a spevohry  |x ľudová hudba  |x piesne ľudové  |x slovesnosť ľudová  |x platne kompaktné  |2 SNK  |9 527288 
650 0 7 |a ľudová hudba  |x piesne ľudové  |x slovesnosť ľudová  |x platne kompaktné  |2 SNK  |9 283883 
650 0 7 |a piesne ľudové  |x slovesnosť ľudová  |x platne kompaktné  |2 SNK  |9 527289 
650 0 7 |a slovesnosť ľudová  |x platne kompaktné  |2 SNK  |9 527290 
655 7 |a kompaktné platne  |2 SNK  |9 70690 
700 1 |a Mihulcová, Božena  |4 uci  |9 527291 
700 1 |a Jacko, Marián  |4 fot  |9 527292 
710 2 |a Sliačanka (folklórny súbor)  |4 uci  |9 167896 
999 |c 813664  |d 815594 
952 |t P60, <03>, [BOOK], {603}  |a SNK  |b SNK  |y PREZ  |7 0  |p 17A0326540  |o snkSCD 1259  |i snkJK 32/2002  |0 0  |1 0  |4 0  |d 2002-01-21  |l 0  |r 2005-01-02 00:00:00  |w 2026-02-24